000 00612nam a2200217 a 4500
001 000046030
003 DO-SdBNP
005 20240306073901.0
008 150612s2013 dr a 000 0 spa d
020 _a9789945471700
040 _aDO-SdBNP
_bspa
_cBNPHU
082 _axxxxxxxx
_bM351c
100 1 _aMármol, José,
_d1960-
_96454
245 1 0 _aCasa de sombras /
_cJosé Mármol, Herminio Alberti.
260 _aSanto Domingo :
_bAmigo del Hogar,
_c2013.
300 _a71 p. :
_bil. ;
_c24 cm.
590 _aInventariado, 2020/YL
700 1 _aAlberti, Herminio
_974098
910 _aYL
942 _2ddc
_cLBS1
999 _c45519
_d45519